[Event "87o Campeonato Brasileiro Absoluto Final Aberta"]
[Site "Cuiaba MT"]
[Date "2021.10.31"]
[Round "6"]
[Board "74"]
[White "De Avelar, Flavio Henrique"]
[Black "Aoyama, Edmundo"]
[Result "0-1"]
[WhiteElo "1534"]
[BlackElo "1824"]
[PlyCount "124"]
[EventDate "2021.10.28"]
[EventRounds "11"]
[EventCountry "BRA"]

1. d4 Nf6 2. Bf4 g6 3. e3 Bg7 4. Nf3 d6 5. Be2 O-O 6. O-O Nbd7 7. h3 c5 8. c3
a6 9. Nbd2 b5 10. Qc2 Bb7 11. Rad1 Rc8 12. Qb1 Qb6 13. dxc5 Nxc5 14. Bg3 Rfd8
15. Rfe1 Nfe4 16. Bh2 a5 17. Bd3 Nxd3 18. Qxd3 Nc5 19. Qe2 Ba6 20. Rb1 b4 21.
c4 d5 22. b3 Bc3 23. Rec1 dxc4 24. Nxc4 Qe6 25. Rd1 a4 26. Rxd8+ Rxd8 27. Rd1
Rxd1+ 28. Qxd1 axb3 29. axb3 Nxb3 30. Nce5 f6 31. Qd8+ Kg7 32. Nd7 Qf7 33. g4
Bb7 34. Nd4 Nxd4 35. exd4 Bxd4 36. Qb8 Bc6 37. Qxb4 Bxf2+ 38. Kxf2 Bxd7 39. Bf4
g5 40. Bd2 Qe6 41. Bc3 Bc6 42. Qc5 h6 43. Bb4 Kf7 44. Bc3 Qe4 45. Bb4 Bd5 46.
Ba3 Bc4 47. Bb4 Qe2+ 48. Kg3 Qd3+ 49. Kf2 Qe4 50. Ba3 Bd5 51. Bb4 Qg2+ 52. Ke1
Qh1+ 53. Kf2 Qe4 54. Ba3 Bb3 55. Qb4 Qe6 56. Qc5 Bd1 57. Bb4 Qe2+ 58. Kg1 Bb3
59. Qc3 Bd5 60. Qd2 Qf3 61. Kh2 Qh1+ 62. Kg3 Qg1+  0-1

[Event "87o Campeonato Brasileiro Absoluto Final Aberta"]
[Site "Cuiaba MT"]
[Date "2021.10.31"]
[Round "6"]
[Board "75"]
[White "Pessoa, Marcio De Souza"]
[Black "Rocha, Matheus Eugenio S M Nunes"]
[Result "1-0"]
[WhiteElo "1818"]
[BlackElo "1800"]
[PlyCount "41"]
[EventDate "2021.10.28"]
[EventRounds "11"]
[EventCountry "BRA"]

1. e4 c6 2. d4 d5 3. e5 Bf5 4. Nf3 e6 5. c3 Nd7 6. a4 h6 7. Be2 Ne7 8. h3 c5 9.
Na3 Nc6 10. Nb5 a6 11. Nd6+ Bxd6 12. exd6 cxd4 13. Nxd4 Nxd4 14. Qxd4 Nf6 15.
Bf4 O-O 16. g4 Bg6 17. g5 Nh5 18. gxh6 gxh6 19. Bxh5 Bxh5 20. Bxh6 Re8 21. Qg7#
 1-0

[Event "87o Campeonato Brasileiro Absoluto Final Aberta"]
[Site "Cuiaba MT"]
[Date "2021.10.31"]
[Round "6"]
[Board "76"]
[White "De Lima, Lucas Taveira"]
[Black "Jenidarchiche, Douglas Rodrigo"]
[Result "0-1"]
[WhiteElo "1427"]
[BlackElo "1815"]
[PlyCount "66"]
[EventDate "2021.10.28"]
[EventRounds "11"]
[EventCountry "BRA"]

1. e4 e5 2. Nf3 Nc6 3. Bb5 a6 4. Ba4 d6 5. c3 Bd7 6. d4 Nf6 7. Nbd2 b5 8. Bc2
Bg4 9. dxe5 Nxe5 10. h3 Bh5 11. O-O Be7 12. Re1 O-O 13. b4 Nfd7 14. a4 Bf6 15.
Bb2 Nxf3+ 16. Nxf3 Ne5 17. g4 Nc4 18. Qb1 Bg6 19. e5 Bxe5 20. Bxg6 fxg6 21.
Nxe5 Nxe5 22. Rxe5 dxe5 23. Qa2+ Kh8 24. c4 Qh4 25. Bxe5 Qxh3 26. Bg3 Qxg4 27.
axb5 h5 28. Kh2 h4 29. Bxc7 Rf3 30. Kh1 Raf8 31. Rf1 Rh3+ 32. Bh2 Rxh2+ 33.
Kxh2 Rf3  0-1

[Event "87o Campeonato Brasileiro Absoluto Final Aberta"]
[Site "Cuiaba MT"]
[Date "2021.10.31"]
[Round "6"]
[Board "81"]
[White "Da Silva Santos, Jarlison"]
[Black "Ferreira, Fernando Goncalves"]
[Result "1-0"]
[WhiteElo "1774"]
[BlackElo "1357"]
[PlyCount "45"]
[EventDate "2021.10.28"]
[EventRounds "11"]
[EventCountry "BRA"]

1. e4 c5 2. Nf3 Nc6 3. d4 cxd4 4. Nxd4 g6 5. Be3 Nf6 6. Nc3 Bg7 7. Bd3 O-O 8.
O-O Ng4 9. Nxc6 dxc6 10. Bf4 Qb6 11. Rb1 Rd8 12. Qf3 Ne5 13. Qg3 f6 14. Bxe5
fxe5 15. Bc4+ Kh8 16. Rfd1 Rd4 17. Rxd4 exd4 18. Ne2 Bd7 19. Nf4 c5 20. Bf7 Be8
21. Nxg6+ Qxg6 22. Bxg6 Bxg6 23. f3  1-0

[Event "87o Campeonato Brasileiro Absoluto Final Aberta"]
[Site "Cuiaba MT"]
[Date "2021.10.31"]
[Round "6"]
[Board "82"]
[White "Boabaid, Jorge Alberto Duardes"]
[Black "Fogaca, Vinicius"]
[Result "1-0"]
[WhiteElo "1712"]
[BlackElo "1776"]
[PlyCount "53"]
[EventDate "2021.10.28"]
[EventRounds "11"]
[EventCountry "BRA"]

1. d4 d5 2. Bf4 Nf6 3. Nf3 c5 4. e3 Nc6 5. c3 Qb6 6. Na3 a6 7. Rb1 Bf5 8. Bd3
Bxd3 9. Qxd3 e6 10. O-O Be7 11. dxc5 Qxc5 12. b4 Qb6 13. Nc2 O-O 14. a4 Nh5 15.
Bg5 Bxg5 16. Nxg5 g6 17. f4 Nf6 18. b5 Na5 19. bxa6 Qxa6 20. Qd4 Kg7 21. f5 Nc6
22. Qh4 exf5 23. Nd4 Nxd4 24. Qxd4 Qxa4 25. Rb4 Qa7 26. Rb6 Kh6 27. Qxf6  1-0

[Event "87o Campeonato Brasileiro Absoluto Final Aberta"]
[Site "Cuiaba MT"]
[Date "2021.10.31"]
[Round "6"]
[Board "83"]
[White "Naief Moreira, Cleber"]
[Black "Melo, Igor De Souza"]
[Result "1-0"]
[WhiteElo "1852"]
[BlackElo "1710"]
[PlyCount "83"]
[EventDate "2021.10.28"]
[EventRounds "11"]
[EventCountry "BRA"]

1. e4 e6 2. Qe2 c5 3. Nf3 Nc6 4. g3 Nge7 5. Bg2 g6 6. O-O Bg7 7. c3 O-O 8. d3
d5 9. Nbd2 Re8 10. Rd1 Bd7 11. h4 Rc8 12. h5 h6 13. hxg6 fxg6 14. Bh3 Kh7 15.
Kg2 b5 16. Rh1 e5 17. Ng5+ Kg8 18. Ne6 Qb6 19. Nf3 h5 20. Nfg5 Nd8 21. Nxg7
Bxh3+ 22. Rxh3 Kxg7 23. g4 Nf7 24. gxh5 Rh8 25. exd5 Nxg5 26. Bxg5 Qd6 27. Bxe7
Qxe7 28. Rg3 Rh6 29. Qg4 Rch8 30. Re1 Qd6 31. Qxg6+ Rxg6 32. Rxg6+ Qxg6+ 33.
hxg6 Re8 34. f4 Kxg6 35. Rxe5 Rf8 36. Kg3 Kf6 37. c4 b4 38. d6 Rd8 39. Rd5 a6
40. d7 a5 41. b3 Ke6 42. Kf3  1-0

[Event "87o Campeonato Brasileiro Absoluto Final Aberta"]
[Site "Cuiaba MT"]
[Date "2021.10.31"]
[Round "6"]
[Board "86"]
[White "Sovinski, Marcos Roberto"]
[Black "Campos, Otavio Moraes"]
[Result "0-1"]
[WhiteElo "1800"]
[BlackElo "1619"]
[PlyCount "46"]
[EventDate "2021.10.28"]
[EventRounds "11"]
[EventCountry "BRA"]

1. e4 e6 2. Nf3 c5 3. d4 Nf6 4. Nc3 cxd4 5. Qxd4 Nc6 6. Qe3 b6 7. Bc4 Nb4 8.
Bb3 Ba6 9. a3 Nc6 10. Bd2 h6 11. O-O-O Bc5 12. Qe1 Ng4 13. Be3 Nxe3 14. fxe3
O-O 15. Qd2 d6 16. Ba2 Rc8 17. b4 Nxb4 18. axb4 Bxb4 19. Qd4 Bxc3 20. Qxd6 Qf6
21. e5 Qg6 22. g3 Bb4 23. Qd3 Bxd3  0-1

[Event "87o Campeonato Brasileiro Absoluto Final Aberta"]
[Site "Cuiaba MT"]
[Date "2021.10.31"]
[Round "6"]
[Board "88"]
[White "Carmo, Jose Arlindo"]
[Black "Marquezini, Paulo Eduardo Seben"]
[Result "1-0"]
[WhiteElo "1650"]
[BlackElo "1760"]
[PlyCount "37"]
[EventDate "2021.10.28"]
[EventRounds "11"]
[EventCountry "BRA"]

1. e4 e5 2. Nf3 Nc6 3. Bc4 Bc5 4. c3 Nf6 5. d3 O-O 6. b4 Bb6 7. a4 a6 8. Bg5 d6
9. Nbd2 Be6 10. O-O h6 11. Bh4 g5 12. Nxg5 Bg4 13. Ngf3 d5 14. exd5 Ne7 15.
Bxf6 Qd6 16. Ne4 Qd7 17. Bxe5 Nxd5 18. Bxd5 Qxd5 19. Nf6+  1-0

[Event "87o Campeonato Brasileiro Absoluto Final Aberta"]
[Site "Cuiaba MT"]
[Date "2021.10.31"]
[Round "6"]
[Board "89"]
[White "Bocca, Edson Ricardo"]
[Black "Timossi, Lucas Jose Santiago"]
[Result "0-1"]
[WhiteElo "1617"]
[BlackElo "1737"]
[PlyCount "72"]
[EventDate "2021.10.28"]
[EventRounds "11"]
[EventCountry "BRA"]

1. e4 d6 2. Nf3 Nf6 3. Nc3 g6 4. d4 Bg7 5. Bf4 O-O 6. Qd2 c5 7. dxc5 dxc5 8.
O-O-O Qxd2+ 9. Nxd2 Ng4 10. Bg3 Bxc3 11. bxc3 Be6 12. Nb3 Rc8 13. f3 Ne3 14.
Re1 Nxf1 15. Rhxf1 b5 16. Kb2 Nd7 17. Bf2 a5 18. a3 Nb6 19. Nxc5 Rxc5 20. Bxc5
Na4+ 21. Kc1 Nxc5 22. Re3 Na4 23. f4 Rc8 24. Rff3 Nb6 25. f5 Bd7 26. fxg6 hxg6
27. h4 Nc4 28. Re1 Nxa3 29. Rh1 Nc4 30. h5 Bg4 31. Rg3 Be6 32. hxg6 fxg6 33.
Rxg6+ Kf7 34. Rg5 Rg8 35. Rh7+ Ke8 36. Rxg8+ Bxg8  0-1

[Event "87o Campeonato Brasileiro Absoluto Final Aberta"]
[Site "Cuiaba MT"]
[Date "2021.10.31"]
[Round "6"]
[Board "90"]
[White "Braga, Marcelo Melem"]
[Black "De Souza, Eliel Martins"]
[Result "1-0"]
[WhiteElo "1531"]
[BlackElo "1709"]
[PlyCount "55"]
[EventDate "2021.10.28"]
[EventRounds "11"]
[EventCountry "BRA"]

1. d4 d5 2. c4 e6 3. cxd5 exd5 4. Nc3 Nf6 5. Bg5 Nbd7 6. a3 Be7 7. Nf3 O-O 8.
e3 c5 9. dxc5 Ne4 10. Bxe7 Qxe7 11. Nxd5 Qxc5 12. b4 Qd6 13. Rc1 Ndf6 14. Nxf6+
Qxf6 15. Qd4 Qe7 16. Qe5 Re8 17. Qxe7 Rxe7 18. Bd3 Nf6 19. O-O h6 20. h3 Be6
21. Nd4 Rd8 22. Rfd1 Bd7 23. Rc7 Rb8 24. Bb5 Rc8 25. Rdc1 Rb8 26. Nf5 Bxf5 27.
Rxe7 a6 28. Bc4  1-0

[Event "87o Campeonato Brasileiro Absoluto Final Aberta"]
[Site "Cuiaba MT"]
[Date "2021.10.31"]
[Round "6"]
[Board "94"]
[White "Peres, Wallafe Moreira"]
[Black "Santos, Wenesley Da Luz"]
[Result "1-0"]
[WhiteElo "1770"]
[BlackElo "1286"]
[PlyCount "47"]
[EventDate "2021.10.28"]
[EventRounds "11"]
[EventCountry "BRA"]

1. b4 e5 2. b5 Bc5 3. e3 Nf6 4. Bb2 d6 5. c4 a6 6. Nc3 O-O 7. Be2 Nbd7 8. Qc2
Re8 9. Nf3 Nf8 10. h3 Be6 11. g4 h6 12. Rg1 N6h7 13. h4 Qc8 14. g5 h5 15. Bd3
g6 16. Ne4 Bb6 17. O-O-O axb5 18. Nf6+ Nxf6 19. gxf6 Kh7 20. Rg5 Kh6 21. Rdg1
Bf5 22. Bxf5 gxf5 23. Rg8 Ng6 24. Rxe8  1-0

[Event "87o Campeonato Brasileiro Absoluto Final Aberta"]
[Site "Cuiaba MT"]
[Date "2021.10.31"]
[Round "6"]
[Board "100"]
[White "Farias, Sergio Luiz Cardoso"]
[Black "De Oliveira, Tobias Luiz Carvalho"]
[Result "1-0"]
[WhiteElo "1543"]
[BlackElo "1198"]
[PlyCount "67"]
[EventDate "2021.10.28"]
[EventRounds "11"]
[EventCountry "BRA"]

1. e4 c5 2. Bc4 Nc6 3. Nf3 g6 4. Ng5 e6 5. Nf3 Bg7 6. O-O Nge7 7. Nc3 O-O 8. a3
d5 9. exd5 exd5 10. Be2 c4 11. d4 cxd3 12. Bxd3 d4 13. Ne2 Bf5 14. Bc4 a6 15.
Ng3 Bg4 16. h3 Bxf3 17. Qxf3 Ne5 18. Qe2 b5 19. Ba2 Re8 20. Bg5 Qd7 21. Rad1
Nf5 22. Qd2 Nxg3 23. fxg3 Rac8 24. Bf6 Bxf6 25. Rxf6 Nc6 26. Rxf7 Qxf7 27.
Bxf7+ Kxf7 28. Rf1+ Kg7 29. Qg5 Ne5 30. Qf6+ Kg8 31. Qxa6 Rxc2 32. Qxb5 Rc1 33.
Qd5+ Kh8 34. Qxd4  1-0

[Event "87o Campeonato Brasileiro Absoluto Final Aberta"]
[Site "Cuiaba MT"]
[Date "2021.11.01"]
[Round "7"]
[Board "1"]
[White "Supi, Luis Paulo"]
[Black "Fier, Alexandr"]
[Result "1/2-1/2"]
[WhiteElo "2572"]
[BlackElo "2563"]
[PlyCount "26"]
[EventDate "2021.10.28"]
[EventRounds "11"]
[EventCountry "BRA"]

1. e4 c5 2. Nf3 Nc6 3. Bb5 g6 4. Bxc6 bxc6 5. O-O Bg7 6. Re1 Qc7 7. h3 d6 8. c3
Nf6 9. d4 cxd4 10. cxd4 O-O 11. Nc3 c5 12. e5 dxe5 13. dxe5 Rd8  1/2-1/2

[Event "87o Campeonato Brasileiro Absoluto Final Aberta"]
[Site "Cuiaba MT"]
[Date "2021.11.01"]
[Round "7"]
[Board "2"]
[White "Di Berardino, Diego Rafael"]
[Black "Mekhitarian, Krikor Sevag"]
[Result "1/2-1/2"]
[WhiteElo "2471"]
[BlackElo "2560"]
[PlyCount "140"]
[EventDate "2021.10.28"]
[EventRounds "11"]
[EventCountry "BRA"]

1. d4 Nf6 2. c4 e6 3. Nf3 d5 4. Nc3 Bb4 5. Qa4+ Nc6 6. a3 Bxc3+ 7. bxc3 O-O 8.
Bg5 h6 9. Bh4 Ne7 10. Bxf6 gxf6 11. cxd5 Qxd5 12. Qc2 c5 13. Qd2 Kg7 14. e3 b6
15. Bd3 Bb7 16. e4 Qd7 17. O-O Rfd8 18. Rfe1 cxd4 19. cxd4 Rac8 20. Rad1 Qc7
21. h4 Ng6 22. g3 Qc3 23. Qe3 e5 24. d5 Qc5 25. Qe2 Rc7 26. Nd2 Bc8 27. Nc4 b5
28. Ne3 a6 29. Rc1 Qd6 30. Rxc7 Qxc7 31. a4 bxa4 32. Bxa6 Bd7 33. Bb5 Ne7 34.
Bxd7 Qxd7 35. Qa6 f5 36. exf5 Nxf5 37. Ng4 Qd6 38. Qxa4 Nd4 39. Nxe5 Qxd5 40.
Qa1 f6 41. Qa7+ Kg8 42. Re4 Nf3+ 43. Nxf3 Qxe4 44. Qa2+ Kh8 45. Nh2 Rd1+ 46.
Nf1 Qd3 47. Qa8+ Kg7 48. Qb7+ Kg6 49. Qg2 Re1 50. Qh3 h5 51. Qg2 Kf5 52. Qh3+
Ke5 53. Qg2 Kd4 54. Qh3 f5 55. Qg2 Qe2 56. Qh3 Ke4 57. Qg2+ Kd4 58. Qh3 Qf3 59.
Qg2 Qd3 60. Qh3 Kc3 61. Qg2 Kc2 62. Qc6+ Kb3 63. Qb7+ Ka2 64. Qa7+ Kb2 65. Qb6+
Kc1 66. Qc6+ Qc2 67. Qh6+ Kd1 68. Qd6+ Kc1 69. Qh6+ Kb1 70. Qb6+ Kc1  1/2-1/2

[Event "87o Campeonato Brasileiro Absoluto Final Aberta"]
[Site "Cuiaba MT"]
[Date "2021.11.01"]
[Round "7"]
[Board "3"]
[White "Rodrigues, Edgar"]
[Black "Santiago, Yago De Moura"]
[Result "0-1"]
[WhiteElo "2339"]
[BlackElo "2478"]
[PlyCount "110"]
[EventDate "2021.10.28"]
[EventRounds "11"]
[EventCountry "BRA"]

1. e4 c6 2. d4 d5 3. e5 c5 4. dxc5 e6 5. Nf3 Bxc5 6. Bd3 Nc6 7. O-O Nge7 8. a3
Qc7 9. Nc3 a6 10. Bf4 Bd7 11. Bg3 h6 12. h4 g5 13. h5 g4 14. Nh2 f5 15. exf6
Qxg3 16. fxe7 Ne5 17. Bg6+ Nxg6 18. hxg6 h5 19. Nxd5 Bc6 20. g7 Rg8 21. c4 exd5
22. cxd5 Bd7 23. Qc2 Qd6 24. b4 Ba7 25. Qh7 Kf7 26. Qxh5+ Qg6 27. Qe5 Bb8 28.
d6 Bxd6 29. Qd5+ Qe6 30. Qh5+ Kxg7 31. Rfe1 Qf5 32. Qxf5 Bxf5 33. Nf1 Rae8 34.
Re3 Rxe7 35. Rd1 Rd7 36. Ng3 Kf6 37. Nxf5 Kxf5 38. g3 Rdd8 39. Rd5+ Kf6 40. Re4
Rg5 41. Rdd4 Be7 42. Rc4 Rd7 43. Kg2 b5 44. Rc6+ Rd6 45. Rc7 Bd8 46. Rh7 Rg6
47. Re8 Bb6 48. Rhh8 Re6 49. Ref8+ Ke5 50. Rf4 Ref6 51. Rh5+ Kd6 52. Rh8 Rxf4
53. gxf4 Kd5 54. Rc8 Rc6 55. Re8 Kc4  0-1

[Event "87o Campeonato Brasileiro Absoluto Final Aberta"]
[Site "Cuiaba MT"]
[Date "2021.11.01"]
[Round "7"]
[Board "4"]
[White "Cunha, Lucas Aguiar"]
[Black "Quintiliano Pinto, Renato R."]
[Result "0-1"]
[WhiteElo "2290"]
[BlackElo "2469"]
[PlyCount "74"]
[EventDate "2021.10.28"]
[EventRounds "11"]
[EventCountry "BRA"]

1. e4 c5 2. Nf3 d6 3. d4 cxd4 4. Qxd4 a6 5. Be2 Nf6 6. O-O Nc6 7. Qe3 e6 8. c4
Be7 9. Rd1 O-O 10. Nc3 Qc7 11. b3 Rd8 12. Bb2 Bd7 13. Rac1 Ne5 14. Nd4 Qc5 15.
Kh1 Rac8 16. f4 Ng6 17. f5 exf5 18. exf5 Ne5 19. Bf3 Rb8 20. Qf4 h6 21. Be2 Re8
22. Nc2 b5 23. cxb5 axb5 24. Nb4 Nfg4 25. Bxg4 Bg5 26. Qe4 Bxc1 27. Rxc1 Nc4
28. Nd3 Qa7 29. Qf4 Nxb2 30. Nxb2 Rbc8 31. Nd3 Qe3 32. Qf1 b4 33. Re1 Qxd3 34.
Ne2 Qe3 35. Rc1 Rxc1 36. Nxc1 Qd2 37. Be2 Bb5  0-1

[Event "87o Campeonato Brasileiro Absoluto Final Aberta"]
[Site "Cuiaba MT"]
[Date "2021.11.01"]
[Round "7"]
[Board "5"]
[White "Umetsubo, Cesar Hidemitsu"]
[Black "Labussiere, Victor"]
[Result "0-1"]
[WhiteElo "2379"]
[BlackElo "2291"]
[PlyCount "97"]
[EventDate "2021.10.28"]
[EventRounds "11"]
[EventCountry "BRA"]

1. e4 c5 2. Nf3 Nc6 3. d4 cxd4 4. Nxd4 g6 5. Nc3 Bg7 6. Nb3 Nf6 7. Be2 O-O 8.
O-O d6 9. Bg5 a6 10. f4 b5 11. Bf3 Bb7 12. Kh1 Nd7 13. Qe1 Rc8 14. Rd1 Nb4 15.
e5 Bxf3 16. Rxf3 dxe5 17. fxe5 Qe8 18. e6 Ne5 19. Rh3 Rc4 20. a3 Nbc6 21. Bh6
Bxh6 22. Rxh6 fxe6 23. Rh4 Rxh4 24. Qxh4 Qf7 25. h3 Nc4 26. Re1 e5 27. Qe4 Qf2
28. Qd5+ Kg7 29. Re2 Qf1+ 30. Kh2 Nd4 31. Nxd4 Qf4+ 32. Kg1 Qxd4+ 33. Qxd4 exd4
34. Rxe7+ Rf7 35. Rxf7+ Kxf7 36. Nd1 Ke6 37. Kf2 Ke5 38. Kf3 Kf5 39. g3 Ke5 40.
Ke2 Kd5 41. Kd3 h6 42. b3 Nxa3 43. Nf2 b4 44. h4 Ke5 45. Nh3 Kf5 46. Nf4 a5 47.
Ne2 Kg4 48. Nf4 Kxg3 49. Nxg6 {ilegÃƒ^^vel}  0-1

[Event "87o Campeonato Brasileiro Absoluto Final Aberta"]
[Site "Cuiaba MT"]
[Date "2021.11.01"]
[Round "7"]
[Board "7"]
[White "Lima, Darcy"]
[Black "Rocha, Vitor Firmo De Souza"]
[Result "1-0"]
[WhiteElo "2508"]
[BlackElo "2176"]
[PlyCount "103"]
[EventDate "2021.10.28"]
[EventRounds "11"]
[EventCountry "BRA"]

1. Nf3 Nf6 2. c4 g6 3. Nc3 Bg7 4. e4 c5 5. d4 cxd4 6. Nxd4 Nc6 7. Be3 d6 8. Be2
O-O 9. O-O Bd7 10. Qd2 Nxd4 11. Bxd4 Bc6 12. f3 Nd7 13. Be3 a5 14. b3 Nc5 15.
Rab1 Qb6 16. Rfc1 Rfc8 17. Rc2 Qd8 18. a3 a4 19. b4 Nb3 20. Qd3 e5 21. Bf1 h5
22. Rd1 Kh7 23. Qxd6 Qxd6 24. Rxd6 Nd4 25. Rd2 Bf8 26. R6xd4 exd4 27. Bxd4 Rd8
28. Nd5 Bg7 29. Bb6 Rd7 30. b5 Bxd5 31. exd5 Bc3 32. Rd1 Ba5 33. Bxa5 Rxa5 34.
c5 b6 35. c6 Rd6 36. Bc4 Kg7 37. Re1 Kf8 38. Re4 Ra7 39. Kf2 Rd8 40. Ke3 Re7
41. Kd4 Rd6 42. h4 f6 43. Bd3 Rd8 44. Bc2 Kf7 45. Bxa4 Ra8 46. Bb3 Rxe4+ 47.
fxe4 Ke7 48. e5 fxe5+ 49. Kxe5 Rd8 50. a4 Rf8 51. d6+ Ke8 52. Be6  1-0

[Event "87o Campeonato Brasileiro Absoluto Final Aberta"]
[Site "Cuiaba MT"]
[Date "2021.11.01"]
[Round "7"]
[Board "8"]
[White "Abrantes, Tiago Garrido"]
[Black "Molina, Roberto Junio Brito"]
[Result "0-1"]
[WhiteElo "2178"]
[BlackElo "2434"]
[PlyCount "54"]
[EventDate "2021.10.28"]
[EventRounds "11"]
[EventCountry "BRA"]

1. d4 d5 2. c4 e6 3. Nf3 Nf6 4. g3 Be7 5. Bg2 O-O 6. O-O dxc4 7. Qc2 b5 8. a4
b4 9. Qxc4 Ba6 10. Qc2 Nbd7 11. Ne5 Nxe5 12. dxe5 Nd5 13. Rd1 Qc8 14. Be4 g6
15. Bh6 Rd8 16. h4 c5 17. h5 Qc7 18. hxg6 hxg6 19. Bxg6 Qxe5 20. Nd2 Qh8 21.
Be3 Nxe3 22. fxe3 Qg7 23. Be4 Qxg3+ 24. Kf1 Bh4 25. Bh7+ Kh8 26. Ne4 Qh3+ 27.
Kg1 Rg8+  0-1

[Event "87o Campeonato Brasileiro Absoluto Final Aberta"]
[Site "Cuiaba MT"]
[Date "2021.11.01"]
[Round "7"]
[Board "9"]
[White "Souza, Rafael Cabral De"]
[Black "Bittencourt, Jorge"]
[Result "0-1"]
[WhiteElo "2162"]
[BlackElo "2414"]
[PlyCount "76"]
[EventDate "2021.10.28"]
[EventRounds "11"]
[EventCountry "BRA"]

1. e4 e5 2. Nf3 Nc6 3. Bc4 Nf6 4. d3 Bc5 5. c3 d6 6. Bb3 a5 7. Nbd2 O-O 8. h3
Be6 9. Ba4 Ba7 10. Nf1 Ne7 11. Ng3 Ng6 12. d4 exd4 13. cxd4 Bc4 14. Be3 d5 15.
e5 Ne4 16. Ne2 c5 17. Bc2 cxd4 18. Bxd4 Bxd4 19. Qxd4 Bxe2 20. Kxe2 Nf4+ 21.
Kf1 Ne6 22. Qe3 N4c5 23. Rd1 Qb6 24. Rd2 d4 25. Nxd4 Nxd4 26. Qxd4 Rad8 27. Qh4
g6 28. Re2 Qxb2 29. Kg1 Qb5 30. Re1 Rd2 31. Bb1 Qb2 32. Qg3 Rfd8 33. Qe3 b6 34.
h4 Rd1 35. Be4 Qxe5 36. f3 Qg3 37. Kf1 R8d2 38. Rg1 Nxe4  0-1

[Event "87o Campeonato Brasileiro Absoluto Final Aberta"]
[Site "Cuiaba MT"]
[Date "2021.11.01"]
[Round "7"]
[Board "10"]
[White "Cadilhac, Igor Tokuichi Kikuchi"]
[Black "Zanette, Edgard Vinicius"]
[Result "1-0"]
[WhiteElo "2323"]
[BlackElo "2157"]
[PlyCount "91"]
[EventDate "2021.10.28"]
[EventRounds "11"]
[EventCountry "BRA"]

1. e4 c5 2. Nf3 d6 3. d4 cxd4 4. Qxd4 Nc6 5. Bb5 Bd7 6. Qd3 a6 7. Bxc6 Bxc6 8.
c4 Nf6 9. Nc3 g6 10. O-O Bg7 11. Nd4 Nd7 12. Be3 O-O 13. Rfd1 Qa5 14. Rac1 Qh5
15. h3 Bh6 16. Bxh6 Qxh6 17. Qg3 Qg7 18. b4 Nf6 19. Qe3 Rac8 20. f4 e5 21. fxe5
dxe5 22. Nf3 Rfe8 23. Rd6 h6 24. Rcd1 Re7 25. Nh2 Rd7 26. Nf3 Rxd6 27. Rxd6 Ne8
28. Rd1 b5 29. c5 Kh7 30. Nd5 f6 31. Nh4 Qf7 32. Qa3 Nc7 33. Nb6 Re8 34. Qd3
Ne6 35. Nd5 Nd4 36. Rf1 Bxd5 37. exd5 f5 38. d6 Qd5 39. Nf3 Kg7 40. Rd1 Kf7 41.
Kh2 Nxf3+ 42. Qxf3 Qxf3 43. gxf3 e4 44. d7 Rd8 45. c6 e3 46. c7  1-0

[Event "87o Campeonato Brasileiro Absoluto Final Aberta"]
[Site "Cuiaba MT"]
[Date "2021.11.01"]
[Round "7"]
[Board "11"]
[White "Silva, Lucas Henrique Da"]
[Black "Aranha Filho, Alvaro Z."]
[Result "0-1"]
[WhiteElo "2158"]
[BlackElo "2236"]
[PlyCount "108"]
[EventDate "2021.10.28"]
[EventRounds "11"]
[EventCountry "BRA"]

1. d4 Nf6 2. Bg5 d5 3. e3 c5 4. Nc3 Nc6 5. Nf3 cxd4 6. exd4 Bg4 7. Be2 e6 8.
O-O Bd6 9. Re1 Bxf3 10. Bxf3 O-O 11. Rb1 Rc8 12. Qd3 a6 13. a3 Na5 14. g3 h6
15. Bxf6 Qxf6 16. Ne2 Rc6 17. c3 Rfc8 18. Nc1 Bxa3 19. Qe2 Bd6 20. Nd3 Nc4 21.
Bg2 b5 22. f4 b4 23. Ne5 Bxe5 24. dxe5 Qe7 25. cxb4 Qxb4 26. f5 exf5 27. Qf2
Qc5 28. Rbd1 Qxf2+ 29. Kxf2 Nxb2 30. Rxd5 Rc2+ 31. Kg1 Rc1 32. Rxc1 Rxc1+ 33.
Bf1 g6 34. Kf2 Nd1+ 35. Kf3 Rc3+ 36. Ke2 Ne3 37. Rd8+ Kg7 38. Kd2 Ra3 39. Bd3
Ng4 40. Re8 Nxh2 41. Bc4 Nf3+ 42. Ke2 Nd4+ 43. Kf2 Nc6 44. e6 fxe6 45. Rxe6 Nd4
46. Rd6 Nb5 47. Rb6 Nc3 48. Rb7+ Kf6 49. Rb6+ Kg5 50. Bb3 Ne4+ 51. Kg2 a5 52.
Bf7 Rxg3+ 53. Kh2 Kf4 54. Bxg6 Ng5  0-1

[Event "87o Campeonato Brasileiro Absoluto Final Aberta"]
[Site "Cuiaba MT"]
[Date "2021.11.01"]
[Round "7"]
[Board "12"]
[White "Marra, Eduardo Da Costa"]
[Black "Silva, Kaua Marques"]
[Result "1-0"]
[WhiteElo "2200"]
[BlackElo "2086"]
[PlyCount "101"]
[EventDate "2021.10.28"]
[EventRounds "11"]
[EventCountry "BRA"]

1. e4 c5 2. Nf3 e6 3. g3 Nc6 4. Bg2 Nf6 5. Qe2 e5 6. c3 Be7 7. d3 O-O 8. Na3
Re8 9. Nc4 Bf8 10. Bg5 d6 11. O-O h6 12. Bxf6 Qxf6 13. Ne3 Be6 14. Nd2 Qd8 15.
Bf3 g6 16. Bg4 h5 17. Bxe6 fxe6 18. Ng2 Bh6 19. f4 d5 20. Nh4 Kg7 21. f5 exf5
22. exf5 Qg5 23. Rad1 Qe3+ 24. Qxe3 Bxe3+ 25. Kg2 g5 26. f6+ Kf7 27. Nf5 Bxd2
28. Nd6+ Kf8 29. Nxe8 Bxc3 30. Nc7 Rc8 31. Ne6+ Kf7 32. Nxg5+ Kg6 33. f7 Kxg5
34. f8=Q Rxf8 35. Rxf8 Bxb2 36. Rb1 Bd4 37. Rxb7 Nb4 38. Rd7 Nxd3 39. Rd6 Ne1+
40. Kf1 Nd3 41. Rxd5 Kg4 42. Rd7 e4 43. Rxa7 e3 44. Re7 Nc1 45. Re4+ Kg5 46. a4
h4 47. gxh4+ Kh5 48. a5 Nb3 49. Ke2 c4 50. Rxd4 Nxd4+ 51. Kxe3  1-0

[Event "87o Campeonato Brasileiro Absoluto Final Aberta"]
[Site "Cuiaba MT"]
[Date "2021.11.01"]
[Round "7"]
[Board "13"]
[White "Nemeth Junior, Henrique"]
[Black "Carstens Dobuchak, Thiago"]
[Result "1-0"]
[WhiteElo "2056"]
[BlackElo "2179"]
[PlyCount "75"]
[EventDate "2021.10.28"]
[EventRounds "11"]
[EventCountry "BRA"]

1. d4 Nf6 2. c4 g6 3. Nc3 Bg7 4. e4 d6 5. h3 O-O 6. Nge2 e5 7. d5 a5 8. g4 Nfd7
9. Be3 Na6 10. Ng3 Nac5 11. Be2 a4 12. Qd2 Nb6 13. h4 c6 14. h5 cxd5 15. cxd5
f5 16. gxf5 gxf5 17. h6 Bf6 18. exf5 Kh8 19. Nce4 Nxe4 20. Nxe4 Bxf5 21. Nxf6
Rxf6 22. Bg5 Qf8 23. Bxf6+ Qxf6 24. Rg1 Bg6 25. Rc1 Rf8 26. Kd1 Qf7 27. f4 Qf5
28. fxe5 Qe4 29. e6 Nxd5 30. e7 Re8 31. Rf1 Nxe7 32. Qc3+ Qe5 33. Qxe5+ dxe5
34. Bg4 Nd5 35. Kd2 Nb6 36. Rf6 Rd8+ 37. Ke1 Nd5 38. Rd6  1-0